LEADER 03302nam 22005895 450 001 9910409678503321 005 20250609110829.0 010 $a981-15-3461-6 024 7 $a10.1007/978-981-15-3461-4 035 $a(CKB)4100000010770767 035 $a(MiAaPQ)EBC6148131 035 $a(DE-He213)978-981-15-3461-4 035 $a(MiAaPQ)EBC6148037 035 $a(EXLCZ)994100000010770767 100 $a20200328d2020 u| 0 101 0 $aeng 135 $aurcnu|||||||| 181 $ctxt$2rdacontent 182 $cc$2rdamedia 183 $acr$2rdacarrier 200 14$aThe Basic Income Distribution System of China /$fby Changhong Pei, Zhen Wang, Jingfang Sun 205 $a1st ed. 2020. 210 1$aSingapore :$cSpringer Singapore :$cImprint: Springer,$d2020. 215 $a1 online resource (xviii, 171 pages) $cillustrations 225 1 $aChina Governance System Research Series,$x2662-3048 311 08$a981-15-3460-8 327 $aChapter 1 The Theoretical and Institutional Evolution of Marxist Political Economy on Distribution -- Chapter 2 Theoretical Review on Income Distribution in Western Economics -- Chapter 3 Primary Distribution and Macro Distribution Patterns of National Income -- Chapter 4 Redistribution of National Income -- Chapter 5 New Concepts, New Ideas of Shared Development -- Chapter 6 Basic Conclusion and Policy Implications. 330 $aThis book aims to explain and explore the distribution mechanism adopted by China, which prioritizes distribution according to performance while taking factors of production into consideration. This mechanism is designed in the context of current market-oriented economy, but it also leads to problems such as the widening income gap among the citizens. Besides serving for economic growth, the authors proposed balancing the interests through policies among different groups as one of the key role for distribution system, which may slow down or even stop the trend of widening income gap. And the authors also provided possible measures for this purpose. . 410 0$aChina Governance System Research Series,$x2662-3048 606 $aEconomics 606 $aEconomic policy 606 $aEconomics 606 $aEconomic Theory/Quantitative Economics/Mathematical Methods$3https://scigraph.springernature.com/ontologies/product-market-codes/W29000 606 $aEconomic Policy$3https://scigraph.springernature.com/ontologies/product-market-codes/W34010 606 $aPolitical Economy/Economic Systems$3https://scigraph.springernature.com/ontologies/product-market-codes/W46000 615 0$aEconomics. 615 0$aEconomic policy. 615 0$aEconomics. 615 14$aEconomic Theory/Quantitative Economics/Mathematical Methods. 615 24$aEconomic Policy. 615 24$aPolitical Economy/Economic Systems. 676 $a338.9 700 $aPei$b Changhong$4aut$4http://id.loc.gov/vocabulary/relators/aut$0931547 702 $aWang$b Zhen$4aut$4http://id.loc.gov/vocabulary/relators/aut 702 $aSun$b Jingfang$4aut$4http://id.loc.gov/vocabulary/relators/aut 801 0$bMiAaPQ 801 1$bMiAaPQ 801 2$bMiAaPQ 906 $aBOOK 912 $a9910409678503321 996 $aThe Basic Income Distribution System of China$92095510 997 $aUNINA LEADER 05212nam 2200877 a 450 001 9910974255203321 005 20251116153149.0 010 $a9786611155001 010 0 $a9780191537844 010 0 $a0191537845 010 $a9781435610149 010 $a1435610148 010 $a9781281155009 010 $a1281155004 010 $a9780199591329 010 $a0199591326 010 $a9780191712135 010 $a0191712132 035 $a(MiAaPQ)EBC7033596 035 $a(CKB)24235056800041 035 $a(MiAaPQ)EBC415166 035 $a(Au-PeEL)EBL415166 035 $a(CaPaEBR)ebr10197098 035 $a(CaONFJC)MIL115500 035 $a(OCoLC)437092993 035 $a(Au-PeEL)EBL7033596 035 $a(OCoLC)181734892 035 $a(EXLCZ)9924235056800041 100 $a20070618d2007 uy 0 101 0 $aeng 135 $aur||||||||||| 181 $ctxt$2rdacontent 182 $cc$2rdamedia 183 $acr$2rdacarrier 200 00$aClassics in post-colonial worlds /$fedited by Lorna Hardwick and Carol Gillespie 205 $a1st ed. 210 $aOxford [England] ;$aNew York $cOxford University Press$d2007 215 $axv, 422 p 225 1 $aClassical presences 300 $aPapers from a conference, Classics in Post-Colonial Worlds, held at the Open University in Harborne, Birmingham, in May 2004. 311 08$a9780199296101 320 $aIncludes bibliographical references (p. [364]-409) and index. 327 $aIntro -- Contents -- List of Illustrations -- List of Contributors -- Introduction -- PART I: CASE STUDIES -- 1. Trojan Women in Yorubaland: Femi Osofisan's Women of Owu -- 2. Antigone's Boat: the Colonial and the Postcolonial in Tegonni: An African Antigone by Femi Osofisan -- 3. Antigone and her African Sisters: West African Versions of a Greek Original -- 4. Cross-Cultural Bonds Between Ancient Greece and Africa: Implications for Contemporary Staging Practices -- 5. The Curse of the Canon: Ola Rotimi's The Gods Are Not To Blame -- 6. Post-Apartheid Electra: In the City of Paradise -- 7. Sculpture at Heroes' Acre, Harare, Zimbabwe: Classical Influences? -- PART II: ENCOUNTER AND NEW TRADITIONS -- 8. Perspectives on Post-Colonialism in South Africa: the Voortrekker Monument's Classical Heritage -- 9. Imperial Reflections: The Post-Colonial Verse-Novel as Post-Epic -- 10. A Divided Child, or Derek Walcott's Post-Colonial Philology -- 11. Arriving Backwards: the Return of The Odyssey in the English-Speaking Caribbean -- 12. 'If You are a Woman': Theatrical Womanizing in Sophocles' Antigone and Fugard, Kani, and Ntshona's The Island -- 13. Finding a Post-Colonial Voice for Antigone: Seamus Heaney's Burial at Thebes -- PART III: CHALLENGING THEORY: FRAMING FURTHER QUESTIONS -- 14. 'The Same Kind of Smile?' About the 'Use and Abuse' of Theory in Constructing the Classical Tradition -- 15. From the Peloponnesian War to the Iraq War: a Post-Liberal Reading of Greek Tragedy -- 16. Western Classics, Indian Classics: Postcolonial Contestations -- 17. Shades of Multi-Lingualism and Multi-Vocalism in Modern Performances of Greek Tragedy in Post-Colonial Contexts -- 18. The Empire Never Ended -- 19. Another Architecture -- Bibliography -- Index -- A -- B -- C -- D -- E -- F -- G -- H -- I -- J -- K -- L -- M -- N -- O -- P -- R -- S -- T -- U -- V -- W -- Y. 327 $aZ. 330 $aClassical material was traditionally used to express colonial authority, but it was also appropriated by imperial subjects and put to new uses. In this collection of essays, international scholars debate the relationship between the culture of Greece and Rome and the changes that have followed the end of colonial empires. 410 0$aClassical presences. 517 3 $aClassics in postcolonial worlds 606 $aCommonwealth literature (English)$xClassical influences 606 $aCommonwealth literature (English)$xGreek influences 606 $aAfrican drama (English)$xGreek influences 606 $aCaribbean literature (English)$xClassical influences 606 $aCaribbean literature (English)$xGreek influences 606 $aPostcolonialism$zCommonwealth countries 606 $aClassicism in literature 606 $aComparative literature$xModern and classical 606 $aInfluence (Literary, artistic, etc.) 615 0$aCommonwealth literature (English)$xClassical influences. 615 0$aCommonwealth literature (English)$xGreek influences. 615 0$aAfrican drama (English)$xGreek influences. 615 0$aCaribbean literature (English)$xClassical influences. 615 0$aCaribbean literature (English)$xGreek influences. 615 0$aPostcolonialism 615 0$aClassicism in literature. 615 0$aComparative literature$xModern and classical. 615 0$aInfluence (Literary, artistic, etc.) 676 $a820.9/9171241 700 $aHardwick$01429302 701 $aHardwick$b Lorna$0176614 701 $aGillespie$b Carol$01805658 801 0$bMiAaPQ 801 1$bMiAaPQ 801 2$bMiAaPQ 906 $aBOOK 912 $a9910974255203321 996 $aClassics in post-colonial worlds$94354387 997 $aUNINA